[Event "EU-ch U16"]
[Site "Bratislava"]
[Date "2019.08.03"]
[Round "2"]
[White "Bukatin, Arseny"]
[Black "Olsen, Filip Boe"]
[Result "0-1"]
[WhiteElo "2016"]
[BlackElo "2391"]
[PlyCount "68"]
[EventDate "2019.08.02"]
[EventType "swiss"]
[EventRounds "9"]
[EventCountry "SVK"]
[SourceTitle "CBM 191 Extra"]
[Source "ChessBase"]
[SourceDate "2019.09.30"]
[SourceVersion "1"]
[SourceVersionDate "2019.09.30"]
[SourceQuality "1"]

1. e4 c5 2. Nf3 d6 3. d4 cxd4 4. Nxd4 Nf6 5. Nc3 a6 6. Be2 e5 7. Nb3 Be7 8. 0-0 0-0 9. Be3 Be6 10. Qd2 Nbd7 11. a4 Rc8 12. Rfd1 Re8 13. f3 Nb6 14. a5 Nc4 15. Bxc4 Rxc4 16. Nc1 Qc8 17. N1e2 Rd8 18. b3 Rc6 19. Qe1 d5 20. exd5 Bxd5 21. Bg5 Be6 22. Rxd8+ Bxd8 23. Qd2 h6 24. Be3 Be7 25. Qe1 Bf5 26. Ra2 Bb4 27. Bd2 Qd8 28. Ne4 Bxd2 29. Qxd2 Qxd2 30. Nxd2 Bxc2 31. Rb2 Bd3 32. Kf2 Nd5 33. Ng3 f5 34. b4 Nc3 0-1

[Event "EU-ch U16"]
[Site "Bratislava"]
[Date "2019.08.02"]
[Round "1"]
[White "Mukhutdinov, Tigran"]
[Black "Bukatin, Arseny"]
[Result "1-0"]
[WhiteElo "2284"]
[BlackElo "2016"]
[PlyCount "81"]
[EventDate "2019.08.02"]
[EventType "swiss"]
[EventRounds "9"]
[EventCountry "SVK"]
[SourceTitle "CBM 191 Extra"]
[Source "ChessBase"]
[SourceDate "2019.09.30"]
[SourceVersion "1"]
[SourceVersionDate "2019.09.30"]
[SourceQuality "1"]

1. e4 e5 2. Bc4 Nf6 3. d3 Nc6 4. Nc3 Na5 5. Nge2 Be7 6. 0-0 0-0 7. a4 Nxc4 8. dxc4 d6 9. Qd3 Be6 10. b3 c6 11. Bg5 Qc7 12. f4 exf4 13. Bxf4 Rad8 14. Rad1 Qa5 15. Bd2 Qb6+ 16. Be3 Qc7 17. Bd4 Ng4 18. Qg3 c5 19. Bxg7 Kxg7 20. h3 Qd7 21. hxg4 Kh8 22. Nd5 Rg8 23. Qc3+ Rg7 24. Ng3 Bxd5 25. Nf5 Rdg8 26. Rxd5 f6 27. Nxg7 Rxg7 28. g5 Qg4 29. Qd2 fxg5 30. e5 dxe5 31. Rxe5 Qd4+ 32. Qxd4 cxd4 33. Rfe1 Bd6 34. Rd5 Ba3 35. Re8+ Rg8 36. Rxg8+ Kxg8 37. Rxg5+ Kf7 38. Rd5 Ke6 39. Kf2 b6 40. Kf3 Bc5 41. Rh5 1-0

[Event "Voronezh op-B 23rd"]
[Site "Voronezh"]
[Date "2019.06.19"]
[Round "8"]
[White "Skvortsov, Andrei"]
[Black "Bukatin, Arseny"]
[Result "1/2-1/2"]
[WhiteElo "2123"]
[BlackElo "2024"]
[PlyCount "146"]
[EventDate "2019.06.12"]
[EventType "swiss"]
[EventRounds "9"]
[EventCountry "RUS"]
[SourceTitle "CBM 191 Extra"]
[Source "ChessBase"]
[SourceDate "2019.09.30"]
[SourceVersion "1"]
[SourceVersionDate "2019.09.30"]
[SourceQuality "1"]

1. Nc3 d5 2. e4 d4 3. Nce2 e5 4. d3 Nc6 5. f4 Bd6 6. Nf3 Bg4 7. fxe5 Nxe5 8. Nexd4 c5 9. h3 cxd4 10. hxg4 Nxg4 11. e5 Nxe5 12. Qe2 Nf6 13. Bf4 0-0 14. Nxe5 Bxe5 15. Bxe5 Qa5+ 16. b4 Qxb4+ 17. Kf2 Rfe8 18. Kg1 Re6 19. Rh4 Rae8 20. Rxd4 Qc5 21. Qf2 Rxe5 22. Rc4 Qa5 23. a4 h5 24. Rb1 Ng4 25. Qf3 b6 26. d4 Re3 27. Qf4 R3e4 28. Qg3 Qd2 29. Qf3 Rxd4 30. Rc3 Rf4 31. Rd3 Qxc2 32. Qxf4 Qxb1 33. Rf3 Qg6 34. Rd3 Qf6 35. Qd2 g6 36. g3 Ne5 37. Qe2 Kg7 38. Re3 Re6 39. Bh3 Re7 40. Bg2 Qd6 41. Kh1 f6 42. Bh3 Rc7 43. Kh2 Qc5 44. Qe1 Qc2+ 45. Kg1 Qc1 46. Bg2 Qxe1+ 47. Rxe1 Rc4 48. Ra1 Kh6 49. a5 Kg5 50. axb6 axb6 51. Rb1 Ng4 52. Bb7 Rc3 53. Rb5+ f5 54. Kg2 Rc2+ 55. Kg1 h4 56. gxh4+ Kxh4 57. Rxb6 g5 58. Rb3 f4 59. Be4 Rc1+ 60. Kg2 Ne3+ 61. Kf3 Rc4 62. Rb8 g4+ 63. Kxf4 Ng2+ 64. Ke5 Kg3 65. Rb3+ Kh2 66. Rb2 Rxe4+ 67. Kxe4 Kg3 68. Rb3+ Kf2 69. Kf5 g3 70. Kg4 Ne3+ 71. Kh3 g2 72. Rb2+ Kf1 73. Rxg2 Nxg2 1/2-1/2